000 00784nam a2200253Ia 4500
003 OSt
005 20221005031120.0
006 a|||||r|||| 00| 0
007 ta
008 221004b |||||||| |||| 00| 0 eng d
020 _a9780745648507 (pbk)
_c1704.05
024 _a18465
037 _bIN/2014-15/1404, 13/03/2015, Selectbook Service Syndicate
_cTextual
040 _aCRL
_cCRL
_beng
041 _2eng
_aeng
082 _aW81, Q2
100 _aGuelke Adrian
_9269548
245 0 _aPolitics in deeply divided societies
260 _aCambridge
_bPolity Press UK
_c2012
300 _aviii,178p.
_ccm.
650 _aRELIGION
942 _hW81, Q2
_cTEXL
_2cc
999 _c937216
_d937216